Nedostatočne poznáme cudzie jazyky..

Pozitívny nárast vo vývoji cestovného ruchu SR za r. 1994. Vyše 15 tisíc podnikateľských subjektov cestovného ruchu. Najnavštevovanejšie oblasti. Finančné výdavky počas pobytu. Devízové príjmy. Zahraničný cestovný ruch organizovaný prostredníctvom cestovných kancelárií na Slovensku. Domáci cestovný...

Descrizione completa

Salvato in:
Dettagli Bibliografici
Natura: Capitolo di libro
Lingua:slovacco
Soggetti:
Tags: Aggiungi Tag
Nessun Tag, puoi essere il primo ad aggiungerne!!

MARC

LEADER 00000naa a2200000 4500
001 r018314
005 20221205101929.5
041 0 |a slo 
044 |a SK 
245 1 0 |a Nedostatočne poznáme cudzie jazyky.. 
520 |a Pozitívny nárast vo vývoji cestovného ruchu SR za r. 1994. Vyše 15 tisíc podnikateľských subjektov cestovného ruchu. Najnavštevovanejšie oblasti. Finančné výdavky počas pobytu. Devízové príjmy. Zahraničný cestovný ruch organizovaný prostredníctvom cestovných kancelárií na Slovensku. Domáci cestovný ruch. 
610 2 0 |a Slovensko 
610 2 0 |a 1993 
610 2 0 |a 1994 
610 2 0 |a ruch cestovný 
610 2 0 |a ruch cestovný aktívny 
610 2 0 |a ruch cestovný domáci 
610 2 0 |a kancelárie cestovné